000 01353cam a22004334a 4500
001 15868142
003 OSt
005 20150408114148.0
008 090814s2009 njua b 001 0 eng c
010 _a 2009289633
015 _aGBA931424
_2bnb
016 7 _a101505391
_2DNLM
016 7 _a014938456
_2Uk
020 _a9789812835383
020 _a9812835385
035 _a(OCoLC)ocn426113750
040 _aNLM
_cNLM
_dUKM
_dMMU
_dSINIE
_dCUS
_dBTCTA
_dYDXCP
_dDLC
042 _apcc
050 0 0 _aR834
_b.A45 2009
060 0 0 _a2009 F-217
060 1 0 _aW 18
_bA517b 2009
082 0 0 _a610.7173
_222
_bAZB
100 1 _aAmin, Zubair.
_939136
245 1 0 _aBasics in medical education /
_cZubair Amin, Khoo Hoon Eng.
246 3 0 _aMedical education
250 _a2nd ed.
260 _aHackensack, NJ :
_bWorld Scientific,
_cc2009.
300 _axxiv, 348 p. :
_bill. ;
_c24 cm.
504 _aIncludes bibliographical references and index.
650 0 _aMedicine
_xStudy and teaching.
650 0 _aMedical education.
_939137
650 1 2 _aEducation, Medical.
_937652
650 2 2 _aLearning.
650 2 2 _aTeaching.
700 1 _aKhoo, Hoon Eng.
_939138
906 _a7
_bcbc
_cpccadap
_d2
_encip
_f20
_gy-gencatlg
942 _2ddc
_cBOOK
999 _c31780
_d266280